Pokemon that contain the letter C - Statistics

General Stats
  • This quiz has been taken 243 times
  • The average score is 172 of 237
Answer Stats
Generation Type Pokemon % Correct
I Bug Caterpie
94%
II Grass Chikorita
92%
III Psychic Chimecho
92%
II Electric Pichu
92%
I Ice/Flying Articuno
91%
II Water Croconaw
91%
I Electric Raichu
91%
I Rock/Flying Aerodactyl
89%
III Grass Cacnea
89%
I Fire Charmander
89%
I Fire Charmeleon
89%
IV Fire Chimchar
89%
II Water/Electric Chinchou
89%
I Fire Arcanine
88%
I Fire/Flying Charizard
88%
III Grass/Dark Cacturne
86%
III Fire/Ground Camerupt
86%
V Ghost/Fire Chandelure
86%
I Fairy Clefable
86%
I Fairy Clefairy
86%
I Water/Ice Cloyster
86%
III Fire/Fighting Combusken
86%
V Ice Cubchoo
86%
II Fire Cyndaquil
86%
I Fighting Machamp
86%
I Fighting Machoke
86%
I Fighting Machop
86%
I Electric Pikachu
86%
V Rock/Flying Archen
84%
V Rock/Flying Archeops
84%
III Water/Dark Carvanha
84%
III Bug Cascoon
84%
I Normal Chansey
84%
VI Grass/Fighting Chesnaught
84%
VI Grass Chespin
84%
IV Psychic Chingling
84%
II Fairy Cleffa
84%
IV Bug/Flying Combee
84%
III Water Corphish
84%
III Rock/Grass Cradily
84%
V Bug Accelgor
83%
IV Grass Carnivine
83%
VII Fighting Crabrawler
83%
II Poison/Flying Crobat
83%
I Ground Cubone
83%
I Electric Electabuzz
83%
IV Ice Glaceon
83%
I Fighting Hitmonchan
83%
III Fire Torchic
83%
V Bug/Fire Volcarona
83%
V Normal Cinccino
81%
II Water/Rock Corsola
81%
V Ice Cryogonal
81%
IV Electric Electivire
81%
III Grass Sceptile
81%
I Water/Poison Tentacool
81%
VI Rock/Fairy Carbink
80%
II Psychic/Grass Celebi
80%
III Water Clamperl
80%
III Ground/Psychic Claydol
80%
VII Fighting/Ice Crabominable
80%
III Water/Dark Crawdaunt
80%
VIII Ghost Cursola
80%
VII Grass/Ghost Decidueye
80%
III Electric Manectric
80%
I Water/Poison Tentacruel
80%
VIII Water/Ice Arctovish
78%
V Ice Beartic
78%
IV Grass Cherrim
78%
IV Grass Cherubi
78%
VIII Flying/Steel Corviknight
78%
VIII Flying Corvisquire
78%
IV Poison/Fighting Croagunk
78%
VII Bug/Fairy Cutiefly
78%
III Electric Electrike
78%
I Electric Electrode
78%
II Bug/Fighting Heracross
78%
II Fire/Rock Magcargo
78%
V Normal Minccino
78%
I Bug/Flying Scyther
78%
VI Fire/Water Volcanion
78%
IX Dragon/Ice Arctibax
77%
VIII Electric/Ice Arctozolt
77%
IX Dragon/Ice Baxcalibur
77%
VIII Rock/Fire Carkol
77%
IV Normal/Flying Chatot
77%
V Bug/Rock Crustle
77%
VI Rock/Fairy Diancie
77%
I Grass/Psychic Exeggcute
77%
IX Fire Fuecoco
77%
V Ghost/Fire Litwick
77%
III Water/Grass Ludicolo
77%
II Bug/Steel Scizor
77%
III Bug Silcoon
77%
III Normal Castform
75%
VII Bug/Electric Charjabug
75%
VIII Fire Cinderace
75%
VIII Rock/Fire Coalossal
75%
V Ghost Cofagrigus
75%
V Grass/Fairy Cottonee
75%
VIII Flying/Water Cramorant
75%
IX Fire Crocalor
75%
V Bug/Poison Scolipede
75%
III Grass Treecko
75%
IV Normal Arceus
73%
III Water/Ground Barboach
73%
V Water/Rock Carracosta
73%
VII Steel/Flying Celesteela
73%
VIII Water Chewtle
73%
VI Water Clauncher
73%
V Steel/Fighting Cobalion
73%
VIII Steel Copperajah
73%
VIII Steel Cufant
73%
V Bug/Steel Escavalier
73%
III Normal Kecleon
73%
I Normal Lickitung
73%
IV Fighting/Steel Lucario
73%
II Water Octillery
73%
VII Rock Rockruff
73%
VIII Rock Rolycoly
73%
IX Fire Charcadet
72%
VI Water Clawitzer
72%
VIII Fighting Clobbopus
72%
IX Poison/Ground Clodsire
72%
IV Psychic Cresselia
72%
VIII Water/Dragon Dracovish
72%
III Ghost Dusclops
72%
I Normal/Flying Farfetch’d
72%
IV Dragon/Ground Garchomp
72%
V Bug/Steel Genesect
72%
IV Normal Lickilicky
72%
VII Rock Lycanroc
72%
II Bug/Rock Shuckle
72%
VII Psychic Cosmoem
70%
VII Psychic Cosmog
70%
VIII Electric/Dragon Dracozolt
70%
VI Fire/Flying Fletchinder
70%
IV Ground/Flying Gliscor
70%
VII Fire/Dark Incineroar
70%
V Grass Maractus
70%
IX Grass/Dark Meowscarada
70%
VIII Fire Scorbunny
70%
IV Poison/Fighting Toxicroak
70%
V Psychic/Fire Victini
70%
IX Ice Cetitan
69%
IX Ice Cetoddle
69%
V Water/Flying Ducklett
69%
VI Normal/Flying Fletchling
69%
V Water/Ghost Jellicent
69%
III Steel/Psychic Jirachi
69%
VI Psychic Meowstic
69%
III Bug/Ground Nincada
69%
III Dark Poochyena
69%
I Normal Raticate
69%
VIII Fighting Sirfetch'd
69%
VII Fire Torracat
69%
I Grass/Poison Victreebel
69%
V Grass/Fairy Whimsicott
69%
IX Grass Capsakid
67%
IX Fire/Ghost Ceruledge
67%
V Fighting Conkeldurr
67%
IX Dragon/Normal Cyclizar
67%
I Water Golduck
67%
VI Fighting/Flying Hawlucha
67%
IV Dark/Flying Honchkrow
67%
II Normal/Flying Noctowl
67%
I Bug/Grass Parasect
67%
I Water Psyduck
67%
III Rock Regirock
67%
IX Grass/Fire Scovillain
67%
IX Fairy/Psychic Scream Tail
67%
IX Ground/Grass Toedscool
67%
IX Ground/Grass Toedscruel
67%
III Water/Ground Whiscash
67%
VIII Fairy Zacian
67%
VIII Fairy Alcremie
66%
III Normal Delcatty
66%
V Ground/Steel Excadrill
66%
IV Bug Kricketot
66%
IV Bug Kricketune
66%
III Ice Regice
66%
III Water/Rock Relicanth
66%
II Ice/Psychic Smoochum
66%
III Ground Trapinch
66%
VII Fire/Ghost Blacephalon
64%
VIII Fire/Bug Centiskorch
64%
IX Dark/Ice Chien-Pao
64%
IV Rock Cranidos
64%
VIII Fighting Grapploct
64%
VI Fighting Pancham
64%
VI Bug Scatterbug
64%
III Rock/Psychic Solrock
64%
II Fairy/Flying Togetic
64%
V Water Basculin
63%
III Water Milotic
63%
V Psychic Reuniclus
63%
III Dragon/Flying Salamence
63%
V Dark/Fighting Scrafty
63%
V Dark/Fighting Scraggy
63%
VII Normal/Flying Toucannon
63%
VIII Electric/Poison Toxtricity
63%
VIII Water/Ghost Basculegion
61%
VI Rock/Water Binacle
61%
VIII Psychic/Grass Calyrex
61%
VII Fairy Comfey
61%
III Fighting/Psychic Medicham
61%
VIII Fairy Milcery
61%
VII Varies/Flying Oricorio
61%
IV Electric Pachirisu
61%
V Normal/Grass Sawsbuck
61%
II Water Suicune
61%
VI Rock/Water Barbaracle
59%
IX Dark/Fire Chi-Yu
59%
IX Fairy Dachsbun
59%
VIII Ice Eiscue
59%
IX Normal Lechonk
59%
III Water Luvdisc
59%
VIII Ground Sandaconda
59%
II Normal Dunsparce
58%
VIII Dark Nickit
58%
VIII Electric Pincurchin
58%
VIII Ground Silicobra
58%
IX Rock Nacli
56%
II Bug Pineco
56%
V Normal Watchog
56%
IX Dark/Grass Wo-Chien
56%
IX Normal Dudunsparce
55%
IX Rock Garganacl
55%
IV Normal Munchlax
55%
IX Rock Naclstack
55%
VII Grass/Fairy Shiinotic
55%
IX Dark Maschiff
53%
IX Electric/Ground Sandy Shocks
53%
VIII Ghost Spectrier
52%
IX Bug/Psychic Rabsca
50%
VIII Grass Thwackey
50%
VII Psychic Necrozma
45%
No matching quizzes found
Score Distribution
Percent of People with Each Score
Percentile by Number Answered
Your Score History
You have not taken this quiz